000 00374nam a22001217a 4500
999 _c13746
_d13746
020 _a9781119139645
082 _a616.865
100 _aJoseph P. Green ; Steven Jay Lynn
245 _aCognitive-Behavioral Therapy, Mindfulness, and Hypnosis for Smoking Cessation
_bA Scientifically Informed Intervention
260 _aUSA
_bWiley
_c2019
300 _av, 226 pages
942 _cBK